Paroles - Molière - Et si c'était nous deux - Statistiques

Statistiques générales
  • Ce quiz a été pris 161 fois
  • Le résultat moyen est 226 sur 262
Statistiques - réponses
Réponse % Correct
de
98%
à
97%
À
97%
a
97%
deux
97%
(Deux)
97%
je
97%
Je
97%
le
97%
amour
95%
Et
95%
et
95%
Mon
95%
mon
95%
si
95%
nous
94%
danse
92%
Danse
92%
en
92%
me
92%
Me
92%
On
92%
on
92%
pour
92%
se
92%
au
91%
c'était
91%
est
91%
jeu
91%
toi
91%
autour
88%
les
88%
Les
88%
Mais
88%
mais
88%
que
88%
Que
88%
tourne
88%
dangereux
86%
la
86%
feu
85%
jouer
85%
avec
83%
pourrait
83%
gagner
82%
Même
82%
ta
82%
des
80%
dès
80%
Tu
80%
vouloir
80%
oublie
78%
qui
78%
Entre
77%
jours
75%
l'enjeu
75%
l'on
75%
pourquoi
75%
ça
72%
dis-toi
72%
sur
72%
une
72%
jamais
71%
peine
71%
sa
71%
sera
71%
t'aime
71%
coeur
69%
Dis-moi
69%
dis-moi
69%
vaut
69%
braises
68%
cicatrices
68%
fin
68%
larmes
68%
nuits
68%
attise
66%
laisse
66%
y
66%
aux
65%
bouche
65%
L'amour
65%
glissent
63%
promesses
63%
qu'on
63%
s'il
63%
touche
63%
Touche
63%
voudrais
63%
enfin
62%
tamise
60%
poser
58%
liesse
57%
malgré
55%
douces
49%
encourt
45%
Aucun quiz correspondant
Distribution des résultats
% des personnes avec chaque résultat
Percentile par nombre de réponses
Votre historique - résultats
Vous n’avez pas pris ce quiz